| 000 | 01345cam a22003134a 4500 | ||
|---|---|---|---|
| 001 | 15693451 | ||
| 003 | OSt | ||
| 005 | 20250610093753.0 | ||
| 008 | 090409s2010 ohua b 001 0 eng | ||
| 010 | _a 2009926309 | ||
| 020 | _a9788131520369 | ||
| 040 |
_aDLC _cDLC _dDLC |
||
| 050 | 0 | 0 |
_aHD30.4 _b.Z54 2010 |
| 082 |
_a658.0072 _bZIK/B |
||
| 100 |
_aZikmund, William G _91595 |
||
| 245 | 0 | 0 |
_aBusiness research methods/ _bA South Asian Perspective _cWilliam G. Zikmund ... [et al.] |
| 250 |
_a8th ed. _b. |
||
| 260 |
_aMason, OH : _bSouth-Western Cengage Learning, _cc2010. |
||
| 300 |
_axxiv, 745 p. : _bill. (some col.) ; _c27 cm. |
||
| 500 | _aRev. ed. of: Business research methods / William G. Zikmund. 7th ed. c2003. | ||
| 504 | _aIncludes bibliographical references (p. 661-667) and index. | ||
| 650 | 0 |
_aManagement _xResearch. |
|
| 650 | 0 |
_aBusiness _xResearch. |
|
| 700 | 1 |
_aZikmund, William G. _tBusiness research methods. |
|
| 856 | 4 | 2 |
_3Contributor biographical information _uhttp://www.loc.gov/catdir/enhancements/fy1105/2009926309-b.html |
| 856 | 4 | 2 |
_3Publisher description _uhttp://www.loc.gov/catdir/enhancements/fy1105/2009926309-d.html |
| 856 | 4 | 1 |
_3Table of contents only _uhttp://www.loc.gov/catdir/enhancements/fy1105/2009926309-t.html |
| 942 |
_2ddc _cBK _h658.0072 _iZIK/B _k658.0072 _mZIK/B |
||
| 999 |
_c44464 _d44464 |
||